000 00994cam a2200265 4500
001
008 011218n2002 000 0 eng u
020 _a1859460992
035 _a(Sirsi) u116048
041 _aeng.
050 _a692.8
100 _aBirkby, G.
245 _aConstruction companion to extensions of time
260 _aLondon
_bRIBA Publications
_c2002
300 _aix,83p.
_c24cm.
350 _a20
490 _aRIBA Construction Companion Series
520 _aA practical reference tool for all architects and other professionals charged with assessing extensions of time. Includes chapters on liquidated damages, terms under standard contracts, notification of delay, supply of information, assessment, concurrent delays, ethical issues and the use of computers.
650 _aEXTENSIONS OF TIME
650 _aLIQUIDATED DAMAGES
690 _aBUILT ENVIRONMENT-BUILDING CONTRACT FORMS
700 _aBrough, P.
700 _aChappell, D.
_xEditor
942 _n0
999 _c101815
_d101815